000
00226nam a2200097Ia 4500
005
20251222114356.0
008
251222s1900||||xx |||||||||||||| ||spa||
082
_a
DVD0160/C27/2001
245
0
_a
It's a Wonderful Life
942
_c
DVD
999
_c
1460
_d
1460